000 00688nam a2200217Ia 4500
003 IN-BaIIA
008 211028s9999 xx 000 0 eng d
020 _a0-387-90966-4
040 _cIIA Library
080 _a538
_bBAU
100 _aBauer, Frances
_913651
245 0 _aMagnetohydrodynamics equilibrium and stability of stellarators
_cFrances Bauer
260 _aNew York
_bSpringer-Verlag
_c1984
300 _ax, 196p.
650 _aAstronomy and astrophysics thesaurus
650 _aCosmic electrodynamics
_93143
650 _aMagnetohydrodynamics
_91666
650 _aPlasma physics
_93732
650 _aPlasmas
_91898
942 _cBK
999 _c8101
_d8101